| 000 | 01332nam a2200301 a 4500 | ||
|---|---|---|---|
| 001 | BRL_244 | ||
| 005 | 20190320210642.0 | ||
| 008 | 010713s1981----u--a######---#000-0#eng-# | ||
| 020 | _a0960519408 | ||
| 041 | _aengspa | ||
| 044 | _au | ||
| 050 | 4 |
_aN6550 _b.M49 1981 |
|
| 245 | 1 | 0 |
_aThe Mexican Museum _bCatalog of Selections from its Collection with Introductions to Mexican and Mexican American Art = El Museo Mexicano : catálogo de selecciones de su colección con introducciones al arte mexicano y mexicoamericano _ctext Nora E. Wagner ; translation Nora E. Wagner ; photography Blair Paltridge. |
| 260 |
_aSan Francisco, California _bThe Mexican Museum _c1981 |
||
| 300 |
_a48 p. _bil. (algunas a color) _c22 cm. |
||
| 500 | _aIncluye dedicatoria a Ruth Lechuga, 9 de junio, 1982 | ||
| 500 | _aAu313 | ||
| 546 | _aTexto en : inglés y español | ||
| 610 | 2 | 4 |
_aMexican Museum _vCatálogos _923338 |
| 650 | 1 | 4 |
_aArte mexicano _vCatálogos _923339 |
| 650 | 1 | 4 |
_aArte mexicoamericano _vCatálogos _923340 |
| 650 | 1 | 4 |
_aArte _vCatálogos _zSan Francisco, California _923341 |
| 700 | 1 |
_aWagner, Nora E. _etr. _923342 |
|
| 700 | 1 |
_aPaltridge, Blair _eil. _923343 |
|
| 740 | 0 | _aEl Museo Mexicano : catálogo de selecciones de su colección con introducciones al arte mexicano y mexicoamericano | |
| 902 | _aGRL | ||
| 942 |
_2lcc _cB |
||
| 999 |
_c9057 _d9057 |
||